000 00633nam a2200133Ia 4500
008 220620s9999||||xx |||||||||||||| ||und||
020 _a9782890000000
245 0 _aInnate Immunity Programming and Memory in Resolving and Non-Resolving Inflammation
546 _aEnglish[eng]
650 _ainnate immune memory||inflammation dynamics||resolving and non-resolving inflammation||acute disease||chronic disease
700 _aLi, Liwu||McCall, Charles E.||Hu, Xiaoyu
856 _uhttps://www.frontiersin.org/research-topics/5497/innate-immunity-programming-and-memory-in-resolving-and-non-resolving-inflammation#overview
942 _cEB
999 _c25679
_d25679